Obras trágicas

সংরক্ষণ করুন:
গ্রন্থ-পঞ্জীর বিবরন
প্রধান লেখক: Morton, Carlos
বিন্যাস: গ্রন্থ
ভাষা:Undetermined
প্রকাশিত: Chicago, Estados Unidos [s.n.] 1976
বিষয়গুলি:
ট্যাগগুলো: ট্যাগ যুক্ত করুন
কোনো ট্যাগ নেই, প্রথমজন হিসাবে ট্যাগ করুন!

MARC

LEADER 00000nam a2200000Ia 4500
008 170316s9999 xx 000 0 und d
040 |a cru BVZT 
090 |a 810 M-54o 
100 |a Morton, Carlos 
245 |a Obras trágicas 
260 |a Chicago, Estados Unidos 
260 |b [s.n.] 
260 |c 1976 
300 |a 83 páginas 
650 |a LITERATURA ESTADOUNIDENSE 
999 |c 5964  |d 5964 
942 |c 15 D  |h 810 M-54o  |2 z